| 000 | 00833nam a2200217Ia 4500 | ||
|---|---|---|---|
| 003 | SISC | ||
| 005 | 20170615095545.0 | ||
| 008 | 160319s9999 xx 000 0 und d | ||
| 020 | _a9710412969 | ||
| 050 |
_aQA 276 _b.C298 2015 |
||
| 100 | _aCarpio, Joy N. | ||
| 245 |
_aStatistics and probability / _cJoy N. Carpio, Jaymie M. Guillermo, Raul G. Angeles, Rowena R. De Guzman. |
||
| 260 |
_aMandaluyong City : _bBooks Atbp. Publishing Corp., _c2015. |
||
| 300 |
_ax, 216 pages : _billustrations ; _c22 cm. |
||
| 500 | _aIncludes bibliographical references. | ||
| 650 | _aMathematical statistics -- Study and teaching (Higher) -- Problems, exercises, etc. | ||
| 650 | _aProbabilities -- Textbooks. | ||
| 650 | _xMathematical statistics -- Textbooks. | ||
| 650 | _xProbabilities -- Problems, exercises, etc. | ||
| 942 |
_2lcc _cBK |
||
| 999 |
_c335229 _d335229 |
||